000 00506nam a2200181Ia 4500
008 151213s9999 xx 000 0 und d
020 _a978-007-126328-3
082 _a515.9
_b515.9
100 _aJames ward brown, Rucl.V.Churchill
245 _aComplex Variables
_cJames ward brown, Rucl.V.Churchill
250 _a8th
260 _aBoston
_bMcGrawHill.
_c2009
300 _a10910 p.
650 _aMathematics
650 _aMathematics
700 _aJames ward brown, Rucl.V.Churchill
999 _c4921
_d4921